Biología /
Guardado en:
| Autor Principal: | |
|---|---|
| Formato: | Libro |
| Publicado: |
Buenos Aires :
Mcgraw-hill,
1996
|
| Edición: | 8a. ed. |
| Materias: | |
| Etiquetas: |
Agregar Etiqueta
Sin Etiquetas, Sea el primero en etiquetar este registro!
|
| LEADER | 02355nam a22002775a 4500 | ||
|---|---|---|---|
| 001 | CEM.cems016349 | ||
| 008 | 130507s1996##################000#0#####d | ||
| 005 | 20231108100545.0 | ||
| 245 | 1 | 0 | |a Biología / |c Claude A. Villee |
| 250 | |a 8a. ed. | ||
| 260 | |a Buenos Aires : |b Mcgraw-hill, |c 1996 | ||
| 300 | |a 944 p. | ||
| 505 | 0 | |a Biología y método científico -- Algunos conceptos generales importantes en biología -- Estructuras y funciones celulares -- Base molecular de la vida -- Células y tejidos -- Energética celular -- El mundo de los seres vivos -- Relaciones biológicas -- Procariontes y virus -- Los reinos protistas y de hongos -- Invasión de la tierra por las plantas -- Las plantas con semillas -- Propiedades generales de las plantas verdes -- Obtención y distribución de nutrientes por las plantas de semilla -- El reino animal: invertebrados inferiores -- Invertebrados superiores -- Filo cordados -- Organización del cuerpo -- Células y plasmas sanguíneos y respuesta inmune -- Transporte y circulación -- Respiración, intercambio de gases -- Digestión -- Metabolismo y nutrición -- Homeostasia y excreción -- Piel, huesos y músculos: protección y locomoción -- Base biológica de la conducta -- Sistemas reguladores: integración nerviosa -- Receptores y efectores -- Sistemas de control: integración hormonal -- Función reproductora -- Reproducción -- Desarrollo embrionario -- Herencia y evolución -- Herencia humana: genética de poblaciones -- la ingeniería genética y la biología de nuestro tiempo -- Principios y teorías de la evolución -- Pruebas de evolución -- Los primates y la evolución humana -- Ecología -- Principios de ecología -- Sinecología: comunidades, biomas y zonas de vida -- Ecología humana -- Un mundo cambiante | |
| 020 | |a 9701009789 | ||
| 100 | 1 | |a Villee, Claude A | |
| 082 | 0 | 4 | |a 574 |
| 653 | |a Biología | ||
| 653 | |a Ecología | ||
| 653 | |a Ecología | ||
| 653 | |a Evolución | ||
| 653 | |a Genética humana | ||
| 859 | |a CEMS |b BIB. CEMS - Agricultura |h 574 |i V714a8 |p A19316.97 |t Ej.1 | ||
| 859 | |a CEMS |b BIB. CEMS - Agricultura |h 574 |i V714a8 |p A1565.12 |t Ej.2 | ||
| 859 | |a CEMS |b BIB. CEMS - 11 de abril |h 570 |i V714-2a8 |p 20226.99 |t Ej.2 | ||
| 859 | |a CEMS |b BIB. CEMS - Agricultura |h 574 |i V714a8 |p A19089.97 |t Ej.3 | ||
| 859 | |a CEMS |b BIB. CEMS - 11 de abril |h 570 |i V714-2a8 |p 20339.99 |t Ej.3 | ||
